000 00612nam a2200229Ia 4500
003 OSt
005 20220923230311.0
006 a|||||r|||| 00| 0
007 ta
008 220922b |||||||| |||| 00| 0 pan d
024 _a279,238
037 _cTextual
040 _aARTS
_cARTS
_bpan
041 _2pan
_apan
082 _aO153,3N34,DK, P3
100 _aਸਿੰਘ, ਦਰFਨ
245 0 _aਦੇਸ ਕੁਦੇਸ
260 _c2003
650 _aਪੰਜਾਬੀ ਸਾਹਿਤ
942 _hO153,3N34,DK, P3
_cTEXL
_2CC
999 _c383781
_d383781